The Banana export activity in Central America 1947-1976. A case of plantation exports by vertically-integrated transnational corporations /

Enregistré dans:
Détails bibliographiques
Auteur principal: Ellis, Frank
Format: Thèse
Publié: Londres: University of Sussex
Tags: Ajouter un tag
Pas de tags, Soyez le premier à ajouter un tag!

MARC

LEADER 00000 a a2200000 04500
001 21126
003
040
090 |a 09163.00  
100 |a Ellis, Frank  
245 |a The Banana export activity in Central America 1947-1976. A case of plantation exports by vertically-integrated transnational corporations /  |c Frank Ellis 
260 |a Londres:   |b University of Sussex  
300 |a 354 páginas  
502 |a Tesis (Doctor en Filosofía) -- University of Sussex, 1978  
999 |c 18023  |d 18023